000 00499nam a22001937a 4500
003 MPLRDC
005 20220104160317.0
008 210129b ||||| |||| 00| 0 eng d
020 _a983-9190-00-8
082 _a574.386 GZZ
100 _a郭洙镇
245 _a历史经验的剪贴
_c
250 _a初版
260 _a马来西亚
_b南洋商报
_c1995
300 _b
490 _a南洋商报丛书, 社会科学系列. 1
650 _a马来西亚政治
942 _cBK
_o574.386 GZZ
999 _c54916
_d54906